[Event "MetroWest Holiday Cheer"]
[Site "Natick"]
[Date "2014.12.16"]
[Round "3.6"]
[White "Kaprielian, Mark"]
[Black "Astrachan, Edward"]
[Result "1-0"]
[WhiteElo "1901"]
[BlackElo "1979"]
[PlyCount "69"]
[EventDate "2014.12.02"]
[EventType "swiss"]
[EventRounds "5"]
[EventCountry "USA"]
[SourceTitle "EXT 2023"]
[Source "ChessBase"]
[SourceDate "2022.10.05"]
[SourceVersion "1"]
[SourceVersionDate "2022.10.05"]
[SourceQuality "1"]

1. d4 Nf6 2. c4 g6 3. Nc3 d5 4. Nf3 Bg7 5. Bg5 Ne4 6. Bh4 Nxc3 7. bxc3 c5 8. cxd5 Qxd5 9. e3 cxd4 10. cxd4 Qa5+ 11. Qd2 Qxd2+ 12. Kxd2 Nc6 13. Rb1 Bg4 14. Rxb7 Bxf3 15. gxf3 0-0-0 16. Ba6 Bxd4 17. Ke2 Rd6 18. Rxe7+ Kb8 19. Rb1+ Bb6 20. Rxf7 Ne5 21. Re7 Nc6 22. Re4 Ka8 23. Bg3 Rd5 24. Rc1 Ra5 25. Bc4 Rd8 26. Rd1 Rxd1 27. Kxd1 Kb7 28. Bg8 h6 29. Re6 Nb4 30. Rxg6 Nxa2 31. Rg7+ Kc6 32. Rg6+ Kd7 33. Be6+ Kd8 34. Bd6 Nc3+ 35. Kc2 1-0